00605nam a22001937a 4500003000500000005001700005008004100022010001000063011001000073035001000083040000900093100003600102245008900138260008000227300001700307490003600324650001500360830003600375CHAP20220329141020.0971013s1993 r 00010 d a61320 a62292 a66466 cCHAP00aSolís Aguilar, Juan Fernando. aEscamas (Homoptera : Coccoidea) ; descripción, morfología y técnica de montaje aChapingo, Méx. :bUACH. Departamento de Parasitología Agrícola,c1993 ac.a. (48 h.) aSerie protección vegetalv; 314aCocoideos.0 aSerie protección vegetalv; 3